000 00681nam a2200229Ia 4500
003 OSt
005 20241203112849.0
008 210716s1992 xx 000 0 und d
020 _a0131163442
040 _cAIMIT LIBRARY
041 _aeng
082 _a658.8342
_22
_bTONH
100 _aTongren, Hale N.
_9187399
245 _aCases in consumer behavior /
_cBy Hale N Tongren.
250 _a2nd ed.
260 _aNew Jersey :
_bPrentice Hall ,
_c1992.
300 _axi,257p. ;
_bPB
_c24.5 cm
650 _aThe olde odeon theater
_9187400
650 _aThe new fragrance industry
_9187401
650 _aThe polaroid corporation
_9187402
942 _2ddc
_cBK
_e1st
_k658.8342 TONH
999 _c198585
_d198585